000 00431nam a22001457a 4500
008 231013b |||||||| |||| 00| 0 eng d
020 _a1-55111-360-0
100 _aBAILEY,ANDREW
245 _aFIRST PHILOSOPHY
_bFUNDAMENTAL PROBLEMS AND READINGS IN PHILOSOPHY
260 _aNEW YORK
_bBROADVIEW PRESS
_c2002
300 _aXIV,966P.
500 _aINCLUDES BIBLIOGRAPHICAL REFERENCES
650 _aPHILOSOPHY
942 _2lcc
_cBK
999 _c207703
_d207703